Gladiator Characters - Statistics

General Stats
  • This quiz has been taken 69 times
  • The average score is 5 of 14
Answer Stats
Hint Character % Correct
Protagonist Maximus
98%
Main Antagonist Commodus
75%
Elderly Roman Emperor Marcus Aurelius
66%
Child of Empress Lucius
50%
Empress Daughter Lucilla
39%
Wealthy Slave Owner Proximo
32%
Roman Army Commander Quintus
20%
Antagonist's Father Gracchus
18%
Servant Cicero
16%
Former Nubian Hunter Juba
14%
Loyal Roman Senator Falco
11%
Head of the Gladiatorial Games Cassius
5%
Roman Senator Gaius
5%
Germanian Gladiator Hagen
5%
No matching quizzes found
Score Distribution
Percent of People with Each Score
Percentile by Number Answered
Your Score History
You have not taken this quiz